Vista normal
Vista MARC
Entrada Personal Name
Número de registros utilizados en: 2
001 - CONTROL NUMBER
- control field: 2712
003 - CONTROL NUMBER IDENTIFIER
- control field: OSt
005 - DATE AND TIME OF LATEST TRANSACTION
- control field: 20131016191711.0
008 - FIXED-LENGTH DATA ELEMENTS
- fixed length control field: 131016|||a|||||| | ||| d
040 ## - CATALOGING SOURCE
- Original cataloging agency: OSt
- Transcribing agency: OSt
100 ## - HEADING--PERSONAL NAME
- Personal name: Romero, Mariana
670 ## - SOURCE DATA FOUND
- Source citation: Work cat.: (OSt): Ramos, Silvia 2711, Seminario II: Mortalidad materna en la Argentina, diagnostico para la reorientacion de politicas y normas., 2004